The concise Oxford Dictionary of Current English

Guardado en:
Bibliografiske detaljer
Hovedforfatter: Sykes, J. B.
Format: Bog
Sprog:Undetermined
Udgivet: Oxford, Estados Unidos Oxford University Press 1982
Udgivelse:6
Fag:
Tags: Tilføj Tag
Ingen Tags, Vær først til at tagge denne postø!

MARC

LEADER 00000nam a2200000Ia 4500
008 170316s9999 xx 000 0 und d
040 |a cru BVZT 
090 |a REF 
100 |a Sykes, J. B. 
245 4 |a The concise Oxford Dictionary of Current English 
250 |a 6 
260 |a Oxford, Estados Unidos 
260 |b Oxford University Press 
260 |c 1982 
300 |a 1368 páginas 
650 |a REFERENCIA 
942 |c REF 
999 |c 14720  |d 14720